Maharishi, the Guru; (Record no. 85376)

MARC details
000 -LEADER
fixed length control field 00669cam a2200229 4500
001 - CONTROL NUMBER
control field sa 68013824
003 - CONTROL NUMBER IDENTIFIER
control field DLC
005 - DATE AND TIME OF LATEST TRANSACTION
control field 20260227112626.0
008 - FIXED-LENGTH DATA ELEMENTS--GENERAL INFORMATION
fixed length control field 691205s1968 ii 00010beng
010 ## - LIBRARY OF CONGRESS CONTROL NUMBER
LC control number sa 68013824 //r91
025 ## - OVERSEAS ACQUISITION NUMBER
Overseas acquisition number PL480:I-E-10685
040 ## - CATALOGING SOURCE
Original cataloging agency DLC
Transcribing agency DLC
Modifying agency DLC
050 00 - LIBRARY OF CONGRESS CALL NUMBER
Classification number BL1146.M322
Item number E25
082 00 - DEWEY DECIMAL CLASSIFICATION NUMBER
Classification number 294.5/6/10924
100 10 - MAIN ENTRY--PERSONAL NAME
Personal name Ebon, Martin,
Relator term comp.
245 10 - TITLE STATEMENT
Title Maharishi, the Guru;
Remainder of title an international symposium.
Statement of responsibility, etc. Edited by Martin Ebon.
250 ## - EDITION STATEMENT
Edition statement [Indian ed.
260 0# - PUBLICATION, DISTRIBUTION, ETC.
Place of publication, distribution, etc. Bombay]
Name of publisher, distributor, etc. Pearl Books; [sole distributors: Indian Book House,
Date of publication, distribution, etc. 1968]
300 ## - PHYSICAL DESCRIPTION
Extent 164 p.
Dimensions 18 cm.
350 ## - PRICE (NR) (BK AM CF MU VM SE) [OBSOLETE]
Price 3.00
600 00 - SUBJECT ADDED ENTRY--PERSONAL NAME
Personal name Mahesh Yogi,
Titles and other words associated with a name Maharishi.

No items available.

Powered by Koha